000 01438cam a22004094i 4500
003 PE-LiUPU
005 20250731175618.0
008 150617s r 000 0 d
020 _a842490785X
035 _a(Sirsi) i9788424907853
040 _aPE-LiUPU
_bspa
_cPE-LiUPU
_erda
049 _aPRUA
082 0 4 _a417.7
_bC834s
_223
100 1 _aCoseriu, Eugenio,
_eautor.
245 1 0 _aSincronía, diacronía e historia :
_bEl problema del cambio lingüístico /
_cEugenio Coseriu.
250 _aTercera edición.
264 1 _aMadrid :
_bGredos,
_c1978.
300 _a290 páginas ;
_c20 centímetros.
336 _atext
_2rdacontent
337 _aunmediated
_2rdamedia
338 _avolume
_2rdacarrier
490 0 _a(Biblioteca Románica Hispánica II. Estudios y ensayos ;
_v193)
504 _aIncluye bibliografía.
505 0 _aLa aparente aporía del cambio lingüístico -- Lengua abstracta y lengua concreta -- La racionalidad del cambio -- Las condiciones generales del cambio -- El cambio lingüístico como problema histórico -- Explicaciones causales y explicaciones finalistas.
526 _aP145
526 _aP127
526 _aP97
526 _aP35
526 _aP14
526 _aP07
650 1 4 _aLenguaje y lenguas
_91844
650 1 4 _aCambio lingüístico
_91870
910 _ajck
942 _2ddc
_cBK
_n0
980 _81
_gALBERTO SANCHEZ Responsable de Automatización
999 _c9686
_d9686